[Event "6th TCh-Euro u18"]
[Site "Balatonlelle HUN"]
[Date "2006.07.18"]
[Round "7"]
[White "Chirila,I"]
[Black "Gonda,L"]
[Result "1-0"]
[WhiteElo "2292"]
[BlackElo "2447"]

1.e4 c5 2.Nf3 d6 3.d4 cxd4 4.Nxd4 Nf6 5.Nc3 Nc6 6.Bg5 e6 7.Qd2 a6 8.O-O-O Be7
9.f4 Nxd4 10.Qxd4 b5 11.h4 Bb7 12.Rh3 Rc8 13.a4 h6 14.Bxf6 Bxf6 15.Qxd6 Qxd6
16.Rxd6 Bxc3 17.Rxc3 Rxc3 18.bxc3 Ke7 19.e5 bxa4 20.Rb6 Bd5 21.c4 Be4 22.Rxa6 g5
23.g3 gxf4 24.gxf4 Rg8 25.Bd3 Bh1 26.Ra7+ Kf8 27.c5 Kg7 28.Rxa4 Rc8 29.Ra5 Rc7
30.Kd2 f6 31.Ra1  1-0

[Event "6th TCh-Euro u18"]
[Site "Balatonlelle HUN"]
[Date "2006.07.18"]
[Round "7"]
[White "Bosiocic,Mari"]
[Black "Bindrich,F"]
[Result "1/2-1/2"]
[WhiteElo "2433"]
[BlackElo "2486"]

1.e4 c5 2.Nf3 d6 3.d4 cxd4 4.Nxd4 Nf6 5.Nc3 Nc6 6.Bg5 e6 7.Qd2 a6 8.O-O-O Bd7
9.f4 h6 10.Bxf6 Qxf6 11.Nf3 Qd8 12.Bd3 Qc7 13.Qe3 O-O-O 14.Kb1 Kb8 15.Ne2 Be7
16.Rd2 Na5 17.Rhd1 Rc8 18.Nc1 Rhd8 19.Nb3 Be8 20.Nxa5 Qxa5 21.c3 d5 22.Bc2 dxe4
23.Bxe4 Rxd2 24.Rxd2 Rd8 25.h4 Rxd2 26.Qxd2 Qc5 27.g3 Kc7 28.Nd4 Bd7 29.Qg2 Bc8
30.Qf3 Bf6 31.Ne2 g6 32.a3 h5 33.Nc1 Be7 34.Qg2 Qe3 35.Kc2 Qb6 36.Nd3 Bd7
37.Ne5 Ba4+ 38.Kb1 Be8 39.Ka2 Bf6 40.Qd2 Be7 41.Qd4 Bc5 42.Qd3 Qd6 43.Qc4 Kb8
44.Qb3 Qc7 45.c4 Bd4 46.Qd3 Qd6 47.Qb3 Qb6 48.Nd3 Qxb3+ 49.Kxb3 Bg1 50.Nc1 Bf2
51.Ne2 Kc7 52.Kc3 b6 53.b3 a5 54.Kd3 Kd8 55.Ba8 Bc5 56.a4 Bf2 57.Ke4 Kc7
58.Kf3 Be1 59.Kg2 Bd2 60.Nd4 Kd6 61.Kf2 Kc5 62.Nc2 Bd7 63.Ke2 Bc3 64.Kd3 Bg7
65.Ke3 e5 66.Be4 Bh6 67.Bd5 Bf5 68.Ne1 exf4+ 69.gxf4 f6 70.Nd3+ Kd6 71.Be4 Bxe4
72.Kxe4 Bg7 73.Kf3 Bf8 74.Ke4 Ke6 75.Ne1 Bc5 76.Ng2 Bg1 77.Ne1 Bf2 78.Ng2 Kd6
79.Kf3 Bg1 80.Ne1 Kc5 81.Kg2 Be3 82.Kf3 Bd2 83.Nc2 Bc3 84.Kg3 Bd2 85.Kf3 Bc1
86.Ke4 Kd6 87.Kf3 Bd2 88.Kg3 Bc3 89.Kf3 Ke6 90.Ke4 Bd2 91.Nd4+ Kd6 92.Nc2 Kc5
93.Kf3 g5 94.fxg5 fxg5 95.hxg5 Bxg5 96.Ke4 Bd2 97.Kf5 Bc1 98.Ke4 Bg5 99.Kf5 Bd2
100.Ke4 h4 101.Kf3 Kd6 102.Nd4 Be1 103.Nc2 Bd2 104.Nd4 Bg5 105.Nc2 h3 106.Kg3 Bd2
107.Kxh3 Ke5 108.Kg2 Ke4 109.Kf1 Kd3 110.Na3 Bb4 111.Nb5 Kc2 112.Ke2 Bc5
113.Nc7 Kxb3 114.Kd3 Kxa4 115.Kc3 Ka3 116.Nd5 a4 117.Kc2 Bd4 118.Kd3 Bc5
119.Kc2 Bf2 120.Kc3 Be1+ 121.Kc2 Ba5 122.Ne3 Kb4 123.Kb2 a3+ 124.Ka2 Ka4
125.Nd5 b5 126.cxb5 Bb6 127.Nc3+ Kb4 128.Nb1 Ka4 129.Nxa3 Kb4 130.Nc2+ Kc3  1/2-1/2

[Event "Canadian Open"]
[Site "Kitchener CAN"]
[Date "2006.07.18"]
[Round "4"]
[White "Hamilton,R"]
[Black "Peng,D"]
[Result "1/2-1/2"]
[WhiteElo "2333"]
[BlackElo "2170"]

1.e4 c5 2.Nf3 d6 3.d4 cxd4 4.Nxd4 Nf6 5.Nc3 Nc6 6.Bg5 e6 7.Qd2 Be7 8.O-O-O O-O
9.f4 Nxd4 10.Qxd4 Qa5 11.Kb1 h6 12.Bh4 e5 13.Qd2 Nxe4 14.Nxe4 Qxd2 15.Rxd2 Bxh4
16.g3  1/2-1/2

[Event "XI Open"]
[Site "Balaguer ESP"]
[Date "2006.07.20"]
[Round "4"]
[White "Rizouk,A"]
[Black "Baklan,V"]
[Result "0-1"]
[WhiteElo "2447"]
[BlackElo "2621"]

1.e4 c5 2.Nf3 d6 3.d4 cxd4 4.Nxd4 Nf6 5.Nc3 Nc6 6.Bg5 Qb6 7.Nb3 e6 8.Qd2 a6
9.O-O-O Be7 10.Be3 Qc7 11.f3 O-O 12.g4 b5 13.Qf2 Rb8 14.g5 Nd7 15.h4 Nce5
16.Kb1 b4 17.Ne2 a5 18.Ned4 a4 19.Nd2 a3 20.Nb5 Qa5 21.Nb3 Qa4 22.c4 bxc3
23.Nxc3 Qa8 24.Nb5 Bb7 25.Rd4 Rfc8 26.Nc3 Bc6 27.Rg1 Nc5  0-1

[Event "Czech Open A"]
[Site "Pardubice CZE"]
[Date "2006.07.21"]
[Round "1"]
[White "Priborsky,I"]
[Black "Babula,V"]
[Result "0-1"]
[WhiteElo "2331"]
[BlackElo "2571"]

1.e4 c5 2.Nf3 Nc6 3.d4 cxd4 4.Nxd4 Nf6 5.Nc3 d6 6.Bg5 e6 7.Qd2 Be7 8.O-O-O O-O
9.f3 Qa5 10.Nb3 Qb6 11.Be3 Qc7 12.g4 a6 13.g5 Nd7 14.h4 b5 15.h5 b4 16.Ne2 Nce5
17.Ned4 a5 18.Nb5 Qb8 19.N3d4 Nc5 20.g6 Bd7 21.Qg2 fxg6 22.hxg6 Nxg6 23.Qh3 Nh4
24.Bf2 g5 25.Bc4 Kh8 26.Rdg1 d5 27.exd5 Qf4+ 28.Kb1 exd5 29.Bg3 Bxh3 30.Bxf4 Rxf4
31.Bxd5 Rd8 32.Nc6 Rxd5 33.Nxe7 Rd7 34.Rxg5 Rxe7 35.Rxc5 Nxf3 36.Nd6 a4 37.Ra5 Nd2+
38.Kc1 Rf1+ 39.Rxf1 Nxf1  0-1

[Event "Czech Open A"]
[Site "Pardubice CZE"]
[Date "2006.07.21"]
[Round "1"]
[White "Smirnov,I UKR"]
[Black "Baryshpolets,A"]
[Result "0-1"]
[WhiteElo "2450"]
[BlackElo "2251"]

1.e4 c5 2.Nf3 Nc6 3.d4 cxd4 4.Nxd4 Nf6 5.Nc3 d6 6.Bg5 Bd7 7.Qd2 Rc8 8.O-O-O Nxd4
9.Qxd4 Qa5 10.f4 Rxc3 11.bxc3 e5 12.Qb4 Qxb4 13.cxb4 Nxe4 14.Bh4 g5 15.fxg5 Be7
16.Be1 Bxg5+ 17.Kb2 f5 18.Bc4 b5 19.Bd5 Nf6 20.Bf2 Ke7 21.Bxa7 Nxd5 22.Rxd5 Bc6
23.Rdd1 Bf4 24.g3 Bxh1 25.gxf4 Bf3 26.Rf1 Be4 27.Be3 Rc8 28.c3 Ke6 29.Rg1 Bd3
30.Bd2 Rc7 31.Rg8 Rd7 32.Rg3 Bc4 33.Rg5 Rf7 34.Rg8 Rf6 35.Kc2 Kd5 36.Rg7 h6
37.Rg1 Re6 38.Rg3 Ke4 39.fxe5 dxe5 40.Re3+ Kd5 41.Rf3 f4 42.Rf2 Rf6 43.Be1 Ra6  0-1

[Event "3rd ACT"]
[Site "Amsterdam NED"]
[Date "2006.07.22"]
[Round "8"]
[White "Wunnink,M"]
[Black "Pliester,L"]
[Result "1-0"]
[WhiteElo "2235"]
[BlackElo "2391"]

1.e4 c5 2.Nf3 Nc6 3.d4 cxd4 4.Nxd4 Nf6 5.Nc3 d6 6.Bg5 e6 7.Qd2 a6 8.O-O-O h6
9.Bf4 Bd7 10.Nxc6 Bxc6 11.f3 e5 12.Be3 b5 13.g4 Be7 14.h4 Qb8 15.Bh3 b4 16.Ne2 a5
17.Ng3 g6 18.g5 hxg5 19.hxg5 Nd7 20.f4 Nb6 21.fxe5 Nc4 22.Qd4 Nxe5 23.Qxe5 dxe5
24.Bd7+ Bxd7 25.Rxh8+ Bf8 26.Bc5  1-0

[Event "XI Open"]
[Site "Balaguer ESP"]
[Date "2006.07.22"]
[Round "6"]
[White "Colovic,A"]
[Black "Gupta,Ab"]
[Result "1/2-1/2"]
[WhiteElo "2462"]
[BlackElo "2424"]

1.e4 c5 2.Nf3 d6 3.d4 cxd4 4.Nxd4 Nf6 5.Nc3 Nc6 6.Bg5 e6 7.Qd2 a6 8.O-O-O Bd7
9.f4 b5 10.Nxc6 Bxc6 11.Qe3 Be7 12.Bxf6 gxf6 13.f5 b4 14.Nb1 e5 15.Bc4 Qc7
16.Nd2 h5 17.Kb1 a5 18.Qd3 Bf8 19.Bb5 Rc8 20.b3 Rg8 21.g3 Bxb5 22.Qxb5+ Qc6
23.Qxc6+ Rxc6 24.Nc4 Rg4 25.Rhe1 a4 26.Rd3 h4 27.Re2 Kd7 28.h3 Rg8 29.g4 Bh6
30.Re1 Rxc4 31.bxc4 Rc8 32.Red1 Bf8 33.c3 Rxc4 34.Re1 Be7 35.cxb4 Rxb4+ 36.Kc2 Bd8
37.Rb1 Rxe4 38.Rb7+ Kc6 39.Rxf7 Re2+ 40.Rd2 Re3 41.Ra7 Rxh3 42.Rxa4 Bb6 43.Ra8 d5
44.Rf8 e4 45.Rxf6+ Kc5 46.Re6 Ba5 47.Rd1 Rg3 48.Re5 Kc4 49.Rdxd5 Rg2+ 50.Kd1 Bc3
51.Rc5+ Kd3 52.Rxc3+ Kxc3 53.f6 h3 54.f7 h2 55.Rh5 Kd3 56.Rd5+ Ke3 57.Rh5 Rf2
58.Rxh2 Rf1+ 59.Kc2 Rxf7 60.g5 Kf3 61.Kd1 Rb7 62.Rh3+ Kf2 63.Rh2+ Kf3 64.Rh3+ Kf2
65.Rh2+ Kf3  1/2-1/2

[Event "Czech Open A"]
[Site "Pardubice CZE"]
[Date "2006.07.22"]
[Round "2"]
[White "Saric,Iv"]
[Black "Kavcic,Z"]
[Result "1-0"]
[WhiteElo "2394"]
[BlackElo "2201"]

1.e4 c5 2.Nf3 Nc6 3.d4 cxd4 4.Nxd4 Nf6 5.Nc3 d6 6.Bg5 Bd7 7.Nb3 a6 8.f4 e6
9.Qd3 h6 10.Bh4 g5 11.fxg5 Ng4 12.Qd2 Nge5 13.Be2 b5 14.O-O Be7 15.a4 b4
16.Na2 hxg5 17.Bf2 Qb8 18.Be3 f6 19.Rad1 g4 20.Rf4 Kf7 21.Nd4 Qg8 22.Qe1 Qh7
23.Qg3 Rag8 24.Kf1 f5 25.exf5 exf5 26.Nxc6 Bxc6 27.Bc4+ Nxc4 28.Rxc4 Bxa4
29.Kg1 Bb5 30.Rc7 Qh4 31.Qxd6 g3 32.Qd5+ Ke8 33.Rc8+  1-0

[Event "XI Open"]
[Site "Balaguer ESP"]
[Date "2006.07.23"]
[Round "7"]
[White "Rizouk,A"]
[Black "Krivoshey,S"]
[Result "1/2-1/2"]
[WhiteElo "2447"]
[BlackElo "2500"]

1.e4 c5 2.Nf3 d6 3.d4 cxd4 4.Nxd4 Nf6 5.Nc3 Nc6 6.Bg5 Qb6 7.Nb3 e6 8.Qe2 a6
9.Be3 Qc7 10.g4 h6 11.f4 b5 12.Bg2 Bb7 13.O-O-O Be7 14.Kb1 g5 15.e5 dxe5
16.fxg5 hxg5 17.Bxg5 Rd8 18.Bxf6 Bxf6 19.Ne4 Be7 20.g5 Rxd1+ 21.Rxd1 Nb4
22.g6 fxg6 23.Nec5 Bxc5 24.Bxb7 Be7 25.Be4 Bf6 26.Bxg6+ Ke7 27.Be4 Qc4 28.Qe3 Rc8
29.c3 Nd5 30.Qf3 Nf4 31.Bg6 Kf8 32.Be4  1/2-1/2

[Event "XI Open"]
[Site "Balaguer ESP"]
[Date "2006.07.23"]
[Round "7"]
[White "Lujan,C"]
[Black "Mamedov,Nid"]
[Result "0-1"]
[WhiteElo "2380"]
[BlackElo "2521"]

1.e4 c5 2.Nf3 Nc6 3.d4 cxd4 4.Nxd4 Nf6 5.Nc3 d6 6.Bg5 e6 7.Qd2 a6 8.O-O-O Qb6
9.Bxf6 gxf6 10.Nb3 Bd7 11.f4 O-O-O 12.Be2 h5 13.Rhf1 Kb8 14.Kb1 Na5 15.Rf3 Nxb3
16.axb3 Be7 17.Na4 Qc7 18.Rc3 Bc6 19.Qe3 b5 20.e5 bxa4 21.Bxa6 dxe5 22.Rxd8+ Rxd8
23.Qe2 Bb4 24.Rc4 Qb6 25.c3 Be7  0-1

[Event "Open"]
[Site "Kiel GER"]
[Date "2006.07.23"]
[Round "4"]
[White "Kaufeld,J"]
[Black "Lanka,Z"]
[Result "1-0"]
[WhiteElo "2287"]
[BlackElo "2498"]

1.e4 c5 2.Nf3 Nc6 3.d4 cxd4 4.Nxd4 Nf6 5.Nc3 d6 6.Bg5 e6 7.Qd2 a6 8.O-O-O h6
9.Nxc6 bxc6 10.Bf4 d5 11.Qe3 Bb4 12.Be2 O-O 13.e5 Bxc3 14.Qxc3 Ne4 15.Qe3 g5
16.Bg3 f5 17.f3 Nxg3 18.hxg3 Kg7 19.Qc5 Bd7 20.f4 g4 21.Rh4 Rh8 22.Qd6 Rh7
23.Rdh1 a5 24.Bd3 h5 25.Bxf5  1-0

[Event "Czech Open A"]
[Site "Pardubice CZE"]
[Date "2006.07.23"]
[Round "3"]
[White "Manik,M"]
[Black "Kolesar,Mil"]
[Result "0-1"]
[WhiteElo "2460"]
[BlackElo "2253"]

1.e4 c5 2.Nf3 d6 3.d4 cxd4 4.Nxd4 Nf6 5.Nc3 Nc6 6.Bg5 e6 7.Qd2 a6 8.O-O-O Bd7
9.f4 b5 10.Bxf6 gxf6 11.Kb1 Qb6 12.Nxc6 Bxc6 13.Qe1 Be7 14.Bd3 b4 15.Ne2 a5
16.Rf1 Qc5 17.f5 e5 18.Qf2 Qxf2 19.Rxf2 Bd8 20.Ng3 h5 21.Rfd2 Bb6 22.Bc4 Bc5
23.Bd5 Bxd5 24.Rxd5 Ke7 25.Nf1 Rag8 26.R5d2 Rg4 27.Re2 Rhg8 28.g3 R4g7 29.c3 h4
30.Kc2 hxg3 31.hxg3 Rh7 32.Rd3 Rh1 33.Nd2 bxc3 34.bxc3 Rg1 35.Nb3 Bb6 36.Red2 a4
37.Nc1 Bc5 38.Ne2 Re1 39.c4 Bb4 40.Nc3 Bxc3 41.Kxc3 Rxe4 42.Rxd6 Rc8 43.Rd7+ Ke8
44.c5 Rxc5+ 45.Kb2 Rc8 46.Rb7 Re3 47.a3 Rcc3 48.Rb8+ Ke7 49.Rbd8 Rb3+ 50.Kc2 Rec3+
51.Kd1 Rc7 52.g4 Rxa3 53.Ra8 Rd7 54.Rxd7+ Kxd7 55.Ra7+ Ke8 56.Ke2 Kf8 57.Kf2 Kg7
58.Ra6 Ra1  0-1

[Event "XI Open"]
[Site "Balaguer ESP"]
[Date "2006.07.25"]
[Round "9"]
[White "Bruned,Y"]
[Black "Krivoshey,S"]
[Result "1/2-1/2"]
[WhiteElo "2352"]
[BlackElo "2500"]

1.e4 c5 2.Nf3 d6 3.d4 cxd4 4.Nxd4 Nf6 5.Nc3 Nc6 6.Bg5 Qb6 7.Nb3 e6 8.Qd2 a6
9.O-O-O Qc7 10.f4 Bd7 11.Kb1 b5 12.Bxf6 gxf6 13.Bd3 b4 14.Ne2 h5 15.g3 Qb6
16.Bc4 Rc8 17.Qd3 a5 18.Bb5 Ne5 19.Bxd7+ Nxd7 20.Ned4 a4 21.Nc1 Nc5 22.Qe2 a3
23.b3 Bg7 24.f5 e5 25.Qb5+ Qxb5 26.Nxb5 Ke7 27.Rhe1 Rc6 28.c4 h4 29.g4 h3
30.Re3 Rh4  1/2-1/2

[Event "XI Open"]
[Site "Balaguer ESP"]
[Date "2006.07.25"]
[Round "9"]
[White "Barrientos,S"]
[Black "Mamedov,Nid"]
[Result "0-1"]
[WhiteElo "2435"]
[BlackElo "2521"]

1.e4 c5 2.Nf3 d6 3.d4 cxd4 4.Nxd4 Nf6 5.Nc3 Nc6 6.Bg5 e6 7.Qd2 a6 8.O-O-O Bd7
9.f4 h6 10.Bh4 g5 11.fxg5 Ng4 12.Be2 Nge5 13.Kb1 Be7 14.Nf3 hxg5 15.Bf2 b5
16.a3 Rb8 17.h3 Nc4 18.Bxc4 bxc4 19.Bg3 Qb6 20.Na4 Qb5 21.Bxd6 Qxa4 22.Bxe7 Nxe7
23.Ne5 Bc6 24.Rhf1 Bxe4 25.Nxf7 O-O 26.Ne5 Rxf1 27.Rxf1 Qb5 28.Nxc4 Qxc4
29.Qxg5+ Bg6  0-1

[Event "Dutch Open"]
[Site "Dieren NED"]
[Date "2006.07.25"]
[Round "1"]
[White "Diepeveen,V"]
[Black "Bensdorp,L"]
[Result "1-0"]
[WhiteElo "2327"]
[BlackElo "2113"]

1.e4 c5 2.Nf3 d6 3.d4 cxd4 4.Nxd4 Nf6 5.Nc3 Nc6 6.Bg5 e6 7.Qd2 a6 8.O-O-O Bd7
9.f4 Be7 10.Nf3 b5 11.Bxf6 gxf6 12.Bd3 b4 13.Ne2 Qb6 14.Kb1 a5 15.Bc4 Qc5
16.Qd3 Rb8 17.Ned4 Nxd4 18.Nxd4 a4 19.f5 e5 20.Nf3 Bc6 21.Rhe1 Rd8 22.Bd5 Bb5
23.Qd2 h5 24.c3 bxc3 25.Qxc3 Qxc3 26.bxc3 Rc8 27.Kc2 Bd8 28.Rb1 Rc5 29.Rxb5  1-0

[Event "Dutch Open"]
[Site "Dieren NED"]
[Date "2006.07.25"]
[Round "1"]
[White "Sprangers,R"]
[Black "Mchedlishvili,M"]
[Result "0-1"]
[WhiteElo "2182"]
[BlackElo "2561"]

1.e4 c5 2.Nf3 d6 3.d4 cxd4 4.Nxd4 Nf6 5.Nc3 Nc6 6.Bg5 Bd7 7.Be2 e6 8.O-O a6
9.Nb3 b5 10.a3 Rc8 11.f4 Be7 12.Bxf6 gxf6 13.Bh5 Rg8 14.Rf3 Kf8 15.Qd2 Rg7
16.Re1 a5 17.Ree3 Qb6 18.Kh1 a4 19.Nc1 Qc5 20.f5 Ne5 21.Nd3 Nxf3 22.Rxf3 Qd4
23.Qh6 Kg8 24.Ne2 Qxe4 25.Ng3 Qc4 26.Bxf7+ Rxf7 27.Nh5 Bf8 28.Rg3+ Kh8 29.Qe3 e5  0-1

[Event "Czech Open A"]
[Site "Pardubice CZE"]
[Date "2006.07.25"]
[Round "5"]
[White "Sulskis,S"]
[Black "Babula,V"]
[Result "1/2-1/2"]
[WhiteElo "2514"]
[BlackElo "2571"]

1.e4 c5 2.Nf3 d6 3.d4 cxd4 4.Nxd4 Nf6 5.Nc3 Nc6 6.Bg5 e6 7.Qd2 Be7 8.O-O-O O-O
9.Bxf6 Bxf6 10.Ndb5 Qa5 11.Nxd6 Rd8 12.f4 e5 13.Bc4 Be6 14.Bxe6 fxe6 15.Qe3 Nd4
16.fxe5 Qxe5 17.Nc4 Qc5 18.e5 Be7 19.b3 b5 20.Ne4 Qc7 21.Rxd4 bxc4 22.Rxc4 Qxe5
23.Kb1 Ba3 24.c3 Rd5 25.Rd4 Rad8 26.Rhd1 Bc5 27.Rxd5 Rxd5 28.Rxd5 exd5 29.Qxc5 Qxe4+
30.Kb2 Qxg2+ 31.Ka3 h5 32.Qxa7 Qxh2 33.Qa8+ Kh7 34.Qxd5 h4 35.c4 h3 36.c5 Qg2
37.Qh5+ Kg8 38.c6 Qxc6 39.Qxh3 Qa6+ 40.Kb2 Qe2+ 41.Kc3 Qxa2 42.Qf5 Qa3 43.Kc4 Qa6+
44.Kd4 Qb6+ 45.Kc4 Qa6+ 46.Kd4 Qb6+  1/2-1/2

[Event "XI Open"]
[Site "Balaguer ESP"]
[Date "2006.07.26"]
[Round "10"]
[White "Van Riemsdijk,H"]
[Black "Babaev,Ra"]
[Result "1/2-1/2"]
[WhiteElo "2376"]
[BlackElo "2454"]

1.e4 c5 2.Nf3 d6 3.d4 cxd4 4.Nxd4 Nf6 5.Nc3 Nc6 6.Bg5 e6 7.Qd2 a6 8.O-O-O Bd7
9.f4 h6 10.Bh4 g5 11.fxg5 Ng4 12.Be2 Nge5 13.Kb1 Be7 14.Nf3 hxg5 15.Bg3 Nxf3
16.gxf3 Ne5 17.Qd4 Qa5 18.f4 gxf4 19.Bxf4 O-O-O 20.h4 Rxh4 21.Rxh4 Bxh4 22.Qxd6 Bf6
23.Rd5 exd5 24.Qxf6 Ng6 25.Bg5 dxe4 26.Qxd8+ Qxd8 27.Bxd8 Kxd8 28.Nxe4 Bc6
29.Nd2 Nh4 30.c4 Ke7 31.Kc2 Kd6 32.b4 f5 33.Kc3 Ke5 34.b5 axb5 35.cxb5 Bd5
36.a4 f4 37.a5 f3 38.Bc4  1/2-1/2

[Event "MTO Open"]
[Site "Biel SUI"]
[Date "2006.07.26"]
[Round "3"]
[White "Kobalia,M"]
[Black "Edouard,R"]
[Result "1/2-1/2"]
[WhiteElo "2647"]
[BlackElo "2404"]

1.e4 c5 2.Nf3 d6 3.d4 cxd4 4.Nxd4 Nf6 5.Nc3 Nc6 6.Bg5 e6 7.Qd2 a6 8.O-O-O Nxd4
9.Qxd4 Be7 10.f4 b5 11.Be2 Bb7 12.Bf3 Rc8 13.Bxf6 gxf6 14.f5 e5 15.Qd3 Rc5
16.Qe2 b4 17.Nd5 Bxd5 18.Rxd5 Rxd5 19.exd5 Qc8 20.Be4 Bd8 21.Qe3 Qc4 22.Kb1 Qb5
23.Qb3 a5 24.a4 Qc5 25.Qd3 Bb6 26.Re1 Ke7 27.Ka2 Rc8 28.Kb3 Qf2 29.Rf1 Qc5
30.Re1 Qf2 31.Rf1 Qc5  1/2-1/2

[Event "Dutch Open"]
[Site "Dieren NED"]
[Date "2006.07.26"]
[Round "2"]
[White "Van Delft,M"]
[Black "Nijboer,F"]
[Result "0-1"]
[WhiteElo "2382"]
[BlackElo "2598"]

1.e4 c5 2.Nf3 Nc6 3.d4 cxd4 4.Nxd4 Nf6 5.Nc3 d6 6.Bg5 e6 7.Qd2 a6 8.O-O-O Bd7
9.f4 h6 10.Bh4 g5 11.fxg5 Ng4 12.Be2 Nge5 13.Nf3 Be7 14.Rhg1 b5 15.Rdf1 b4
16.Nd1 hxg5 17.Bxg5 Bxg5 18.Nxg5 Qa5 19.Kb1 b3 20.Qxa5 bxc2+ 21.Kxc2 Nxa5
22.h3 Bb5 23.Kd2 Nac4+ 24.Ke1 Rc8 25.Nf3 Ke7 26.Rf2 Nxf3+ 27.gxf3 Rxh3 28.Bxc4 Rxc4
29.Nc3 Rd4 30.Nxb5 axb5 31.Ke2 Ra4 32.Ra1 Kf6 33.Ke3 Ke5 34.Ke2 Kf4 35.b3 Ra3
36.Kd3 e5 37.Rg1 f5 38.exf5 e4+ 39.Kd4 Rxf3 40.Rxf3+ exf3 41.f6 f2 42.Rf1 Kf3
43.Kd5 Rxa2 44.f7 Ra8 45.Kxd6 Ke2 46.Rh1 b4 47.Kc5 Rb8 48.f8=Q Rxf8 49.Kxb4 f1=Q
50.Rxf1 Rxf1 51.Kc5 Kd3  0-1

[Event "Dutch Open"]
[Site "Dieren NED"]
[Date "2006.07.26"]
[Round "2"]
[White "Slingerland,F"]
[Black "Greenfeld,A"]
[Result "0-1"]
[WhiteElo "2338"]
[BlackElo "2551"]

1.e4 c5 2.Nf3 d6 3.d4 cxd4 4.Nxd4 Nf6 5.Nc3 Nc6 6.Bg5 Qb6 7.Nb3 e6 8.Qd2 Be7
9.Bxf6 gxf6 10.O-O-O Bd7 11.f4 O-O-O 12.g3 Kb8 13.Kb1 h5 14.Be2 Na5 15.Nxa5 Qxa5
16.Nb5 Qxd2 17.Rxd2 Bc6 18.Rhd1 Bxe4 19.Nxd6 Bxd6 20.Rxd6 Rxd6 21.Rxd6 h4
22.g4 f5 23.g5 Kc7 24.Rd1 h3 25.Kc1 Rh4 26.Rf1 Kd6 27.Kd2 e5 28.fxe5+ Kxe5
29.c3 f4 30.a4 Rh8 31.Bf3 Kf5 32.Ke2 Rd8 33.Bxe4+ Kxe4 34.a5 Rd5 35.a6 bxa6
36.Re1 f3+ 37.Kf2+ Kf4 38.Re7 Rd2+ 39.Ke1 Rxh2 40.Rxf7+ Kg3 41.g6 Re2+ 42.Kd1 Re8
43.g7 h2  0-1

[Event "Dutch Open"]
[Site "Dieren NED"]
[Date "2006.07.27"]
[Round "3"]
[White "Drost,P"]
[Black "Slingerland,F"]
[Result "1/2-1/2"]
[WhiteElo "2118"]
[BlackElo "2338"]

1.e4 c5 2.Nf3 Nc6 3.d4 cxd4 4.Nxd4 Nf6 5.Nc3 d6 6.Bg5 e6 7.Qd2 Be7 8.O-O-O Nxd4
9.Qxd4 a6 10.f3 b5 11.Be3 O-O 12.Kb1 Qa5 13.Qb6 Qxb6 14.Bxb6 Bb7 15.Bd3 Nd7
16.Ba5 Ne5 17.Be2 Rac8 18.Rd2 f5 19.exf5 Rxf5 20.Bb4 Nf7 21.Bd3 Rh5 22.Be4 Bxe4
23.Nxe4 Rc6 24.Ng3 Rh6 25.Ne4 Kf8 26.g3 d5 27.Bxe7+ Kxe7 28.Nc3 Nd6 29.Ne2 Rc8
30.Nf4 g5 31.Ne2 Rf8 32.Rd3 g4 33.f4 Ne4 34.Re3 Nf2 35.Re1 Ne4 36.Nc3 Nxc3+
37.Rxc3 Kd6 38.Rce3 Rf5 39.Ra3  1/2-1/2

[Event "Czech Open A"]
[Site "Pardubice CZE"]
[Date "2006.07.28"]
[Round "8"]
[White "Zawadzka,J"]
[Black "Kubecka,D"]
[Result "1-0"]
[WhiteElo "2378"]
[BlackElo "2269"]

1.e4 c5 2.Nf3 Nc6 3.d4 cxd4 4.Nxd4 Nf6 5.Nc3 d6 6.Bg5 Bd7 7.Be2 e6 8.O-O a6
9.Kh1 Be7 10.Nb3 b5 11.Bxf6 gxf6 12.Bh5 Qc7 13.f4 b4 14.Ne2 Rc8 15.Rc1 a5
16.c3 Rg8 17.Qd3 Qb7 18.Ng3 bxc3 19.bxc3 Rg7 20.Bf3 a4 21.Nd2 Qc7 22.Nh5 Rg8
23.e5 Rg6 24.Nxf6+ Bxf6 25.exf6 d5 26.Bh5 Rh6 27.Qg3 Rxf6 28.c4 Qa5 29.Nf3 Ke7
30.Qh4 dxc4 31.Ng5 Qf5 32.Bg4 Qg6 33.Nxh7 Nb4 34.f5 exf5 35.Rce1+ Be6 36.Bxf5  1-0

[Event "Summer Cup"]
[Site "Litohoro GRE"]
[Date "2006.07.30"]
[Round "9"]
[White "Exizoglou,D"]
[Black "Shavtvaladze,N"]
[Result "1/2-1/2"]
[WhiteElo "2187"]
[BlackElo "2383"]

1.e4 c5 2.Nf3 Nc6 3.d4 cxd4 4.Nxd4 Nf6 5.Nc3 d6 6.Bg5 e6 7.Qd2 h6 8.Bxf6 gxf6
9.O-O-O a6 10.Kb1 Bd7 11.Be2 Qa5 12.f4 h5 13.Rhe1 O-O-O 14.Nb3 Qc7 15.Rf1 Kb8
16.f5 Be7 17.Qe3 Ne5 18.Qh3 Rdg8 19.Nd4 Ng4 20.Rd3 Qb6 21.Qh4 Ne5 22.Rdd1 Rc8
23.Qh3 Nc4 24.Bxc4 Rxc4 25.Qd3 Rhc8 26.Ka1 Rb4 27.Rf3 a5 28.b3 Qc5 29.a4 Rb6
30.Kb1 Qb4  1/2-1/2

[Event "15th Open A"]
[Site "Vienna AUT"]
[Date "2006.07.31"]
[Round "3"]
[White "Sakelsek,T"]
[Black "Srienz,C"]
[Result "1-0"]
[WhiteElo "2432"]
[BlackElo "2261"]

1.e4 c5 2.Nf3 Nc6 3.d4 cxd4 4.Nxd4 Nf6 5.Nc3 d6 6.Bg5 Bd7 7.Qd2 Rc8 8.O-O-O Nxd4
9.Qxd4 Qa5 10.Bd2 a6 11.f3 e5 12.Qe3 Be6 13.Kb1 Be7 14.g4 Rxc3 15.Bxc3 Qxa2+
16.Kc1 Bxg4 17.Kd2 Be6 18.Ra1 Qxa1 19.Bb5+ axb5 20.Rxa1 O-O 21.Kc1 Nd7 22.b3 h6
23.Qe2 Rc8 24.Kb2 d5 25.Qxb5 d4 26.Bd2 Nc5 27.b4 Bd7 28.Qa5 Ne6 29.Qxe5 d3
30.c3 Bf6 31.Qd5 Bc6 32.Qxd3 Rd8 33.Qe2 Nc7 34.Ra5 Bb5 35.Rxb5 Nxb5 36.Qxb5 Rxd2+
37.Kb3 Rxh2 38.Qxb7 Rd2 39.e5 Bd8 40.Qc8 h5 41.b5 Kh7 42.Qf5+ Kh6 43.b6 Rd5
44.c4  1-0

[Event "MTO Open"]
[Site "Biel SUI"]
[Date "2006.08.01"]
[Round "8"]
[White "Jenni,F"]
[Black "Weindl,A"]
[Result "1/2-1/2"]
[WhiteElo "2481"]
[BlackElo "2353"]

1.e4 c5 2.Nf3 Nc6 3.d4 cxd4 4.Nxd4 Nf6 5.Nc3 d6 6.Bg5 Bd7 7.Qd2 Rc8 8.f4 Nxd4
9.Qxd4 Qa5 10.e5 dxe5 11.fxe5 e6 12.O-O-O Bc6 13.Bb5 Bxb5 14.exf6 Bc6 15.h4 g6
16.Bf4 Bb4 17.Bc7 Qxc7 18.Qxb4 a5 19.Qc5 b6 20.Qg5 h6 21.Qe3 b5 22.Rd2 b4
23.Ne2 Bxg2 24.Rhd1 Bd5 25.Kb1 Kf8 26.Nf4 Kg8 27.h5 g5 28.Nxd5 exd5 29.Rg2 Kf8
30.Re1 Qd6 31.Rxg5 hxg5 32.Qxg5 Rh7 33.Rg1 Ke8 34.Qg8+ Kd7 35.Qxh7 Qxf6 36.Qd3 Rc5
37.Rf1 Qe6 38.Qd2 Rc4 39.Qf2 Re4 40.h6 Re2 41.Qh4 Qe4 42.Qxe4 Rxe4 43.b3 Rh4
44.Rxf7+ Kc6 45.Rh7 Rh1+ 46.Kb2 Kb6 47.Rh8 Kb7 48.a3 Ka7 49.axb4 axb4 50.h7 Kb7
51.Rg8 Rxh7 52.Rg4 Kc6 53.Rxb4 Kc5 54.Rb8 Rh4 55.Rc8+ Kb5 56.Kc3 Rf4 57.Kd3 Kb4
58.Rb8+ Kc5 59.b4+ Kc6 60.c3 Rf2 61.Ra8 Rf3+ 62.Kc2 Rh3 63.Ra6+ Kc7 64.Rg6 Kd7
65.Rg4 Kc6 66.Rd4 Rg3 67.Rd3 Rg4 68.Kb3 Rg1 69.Rh3 Rb1+ 70.Kc2 Rg1 71.Kb2 Kb6
72.Rh6+ Kc7 73.b5 Rg3 74.Kc2 Rf3 75.b6+ Kb7 76.Rd6 Rf4 77.Kd3 Rh4 78.Re6 Rg4
79.Rd6 Rh4 80.Rxd5 Kxb6 81.Rg5  1/2-1/2

[Event "VIII Open"]
[Site "Sants ESP"]
[Date "2006.08.02"]
[Round "9"]
[White "Bromberger,S"]
[Black "Kristiansen,J"]
[Result "1-0"]
[WhiteElo "2507"]
[BlackElo "2425"]

1.e4 c5 2.Nf3 d6 3.d4 cxd4 4.Nxd4 Nf6 5.Nc3 Nc6 6.Bg5 Qb6 7.Be3 Qxb2 8.Ndb5 Qb4
9.Bd2 Nxe4 10.a3 Nxc3 11.axb4 Nxd1 12.Nc7+ Kd8 13.Nxa8 Nb2 14.Ra2 Be6 15.Rxb2 b6
16.Ba6 Ne5 17.f4 Nc4 18.Bxc4 Bxc4 19.Be3 g6 20.Bd4 f6 21.Kf2 e5 22.Be3 Kc8
23.Ra1 Kb7 24.Nc7 Kxc7 25.Rxa7+ Kc6 26.b5+ Kd5 27.Ra8 Ke4 28.Bxb6 d5 29.Rc8 Ba3
30.Rxh8 Bxb2 31.Bc5 exf4 32.b6 Ba6 33.Ra8 Bb7 34.Ra7  1-0

[Event "MTO Open"]
[Site "Biel SUI"]
[Date "2006.08.03"]
[Round "10"]
[White "Bauer,Ch"]
[Black "Avrukh,B"]
[Result "1/2-1/2"]
[WhiteElo "2599"]
[BlackElo "2641"]

1.e4 c5 2.Nf3 Nc6 3.d4 cxd4 4.Nxd4 Nf6 5.Nc3 d6 6.Bg5 e6 7.Qd2 Be7 8.O-O-O O-O
9.f4 Nxd4 10.Qxd4 Qa5 11.Bc4 Bd7 12.e5 dxe5 13.fxe5 Bc6 14.Bd2 Nd7 15.Nd5 Qc5
16.Nxe7+ Qxe7 17.Rhe1 Rfd8 18.Qg4 Nf8 19.Bf1 Ng6 20.Bb4 Rxd1+ 21.Rxd1 Qc7
22.Qd4 Bd5 23.Bc3 Qc6 24.Rd2 b5 25.b3 a5 26.a3 Ne7 27.Kb2 Nf5 28.Qd3 b4 29.axb4 axb4
30.Bxb4 Qb6 31.Bc3 Qa7 32.Kc1 Qg1 33.Rd1 h5 34.Be2 Qxg2 35.Kb2 Be4 36.Bf1 Qg4
37.h3 Qh4 38.Qd2 Qe7 39.Bd3 Qa3+ 40.Kb1 Bxd3 41.Qxd3 Qa7 42.Bb2 Ne3 43.Re1 Nd5
44.Rf1 Qa2+ 45.Kc1 Rc8 46.Qf3 Qa7 47.Bd4 Qxd4 48.Qxf7+  1/2-1/2

[Event "MTO Open"]
[Site "Biel SUI"]
[Date "2006.08.03"]
[Round "10"]
[White "Gaponenko,I"]
[Black "Weindl,A"]
[Result "1/2-1/2"]
[WhiteElo "2458"]
[BlackElo "2353"]

1.e4 c5 2.Nf3 Nc6 3.d4 cxd4 4.Nxd4 Nf6 5.Nc3 d6 6.Bg5 e6 7.Qd2 Be7 8.O-O-O a6
9.f4 Bd7 10.Nf3 h6 11.Bxf6 gxf6 12.Kb1 Qc7 13.g3 O-O-O 14.f5 Kb8 15.Bh3 Rc8
16.fxe6 fxe6 17.Ne2 Rhe8 18.Nf4 Bf8 19.Ng6 Ne5 20.Nfxe5 fxe5 21.Nxf8 Rxf8
22.Qxd6 Qxd6 23.Rxd6 Bc6 24.Re1 Rf2 25.Bxe6 Rc7 26.Rd8+ Ka7 27.b3 Rxh2 28.g4 Bb5
29.Rc1 Bc6 30.Bd5 Rd2 31.Rd6 Rg7 32.Rxh6 Bxd5 33.Rd6 Rxg4 34.Rxd5 Re2 35.Rxe5 Rgxe4
36.Rxe4 Rxe4 37.Rh1 Re6 38.a4 Kb6 39.Rh5 Kc6 40.a5 Rg6 41.Kb2 Rf6 42.b4 Kc7
43.Rh1 Rg6 44.Kb3 Rf6 45.Rh4 Rg6 46.c4 Rg3+ 47.Ka4 Rg1 48.b5 Kd6 49.Rh7 axb5+
50.cxb5 Rg4+ 51.Ka3 Rg3+ 52.Kb4 Rg4+ 53.Kc3 Rg3+ 54.Kd4 Rg4+ 55.Ke3 Ra4 56.Rxb7 Rxa5
57.Kd4 Ra4+ 58.Kc3 Kc5 59.Rb8 Rc4+ 60.Kd3 Rb4 61.Kc3 Rxb5 62.Rxb5+ Kxb5  1/2-1/2

[Event "Dutch Open"]
[Site "Dieren NED"]
[Date "2006.08.03"]
[Round "9"]
[White "De Jong,M"]
[Black "Hoeksema,E"]
[Result "1/2-1/2"]
[WhiteElo "2241"]
[BlackElo "2373"]

1.e4 c5 2.Nf3 Nc6 3.d4 cxd4 4.Nxd4 Nf6 5.Nc3 d6 6.Bg5 Qb6 7.Nb3 e6 8.Be2 Be7
9.O-O a6 10.Bxf6 gxf6 11.Kh1 O-O 12.f4 Kh8 13.Qd2 Rg8 14.Bf3 Bd7 15.a4 Na5
16.Nxa5 Qxa5 17.Qd3 Qb4 18.Ra3 Rab8 19.Rb3 Qc5 20.Ra1 Rgc8 21.f5 b5 22.axb5 axb5
23.Bh5 b4 24.Nd1 exf5 25.Bxf7 Qxc2 26.Qxc2 Rxc2 27.Ne3 Rc5 28.Nxf5 Bxf5 29.exf5 Rxf5
30.Rd1 Re5 31.Bd5  1/2-1/2